| 000 | 00726nam a2200217 i 4500 | ||
|---|---|---|---|
| 001 | 93278 | ||
| 003 | ES-MaACL | ||
| 005 | 20240424173556.0 | ||
| 007 | t| | ||
| 008 | 050506s1968 pr ||||1| spa d | ||
| 080 | _a821.134.2(729.5) Matos Paoli, Francisco 1.06 | ||
| 080 | _a821.134.2(729.5) Esteves, José de Jesús 1.06 | ||
| 100 | 1 |
_aLópez, Julio César. _973350 |
|
| 245 | 1 | 3 |
_aLa patria en dos poetas y Un paralelo modernista / _cJulio César López. |
| 260 |
_aSan Juan, Puerto Rico : _b[s.n.], _c1968. |
||
| 300 |
_a38 p. ; _c22 cm. |
||
| 600 | 0 | 4 |
_aMatos Paoli, Francisco, _d1915-2000 _979096 |
| 600 | 1 | 4 |
_aEsteves, José de Jesús. _948155 |
| 852 |
_aES-MaACL _j2188-F-12 _bR.135916 |
||
| 999 |
_c93278 _d93278 |
||